Riverdale - Actors to Characters - Statistics

General Stats
  • This quiz has been taken 2,215 times
  • The average score is 10 of 13
Answer Stats
Hint Answer % Correct
K. J. Apa Archie Andrews
99%
Lili Reinhart Betty Cooper
99%
Cole Sprouse Jughead Jones
99%
Camila Mendes Veronica Lodge
99%
Madelaine Petsch Cheryl Blossom
96%
Casey Cott Kevin Keller
80%
Luke Perry Fred Andrews
76%
Skeet Ulrich FP Jones
73%
Ashleigh Murray Josie McCoy
72%
Marisol Nichols Hermione Lodge
69%
Mark Consuelos Hiram Lodge
69%
Mädchen Amick Alice Cooper
65%
Tiera Skovbye Polly Cooper
49%
No matching quizzes found
Score Distribution
Percent of People with Each Score
Percentile by Number Answered
Your Score History
You have not taken this quiz